Culture Générale - Série 2039 - Statistiques

Statistiques générales
  • Ce quiz a été pris 95 fois
  • Le résultat moyen est 4 sur 10
Statistiques - réponses
Question Réponse % Correct
Complétez la locution proverbiale synonyme de « fierté poussée à l'extrême », et souvent ridicule : "Fier comme .... Artaban
84%
Ce terme désigne un poisson plat et une partie du pied du cheval sole
67%
Odeur agréablement parfumée émise par des plantes, des fleurs, un environnement ou des produits chimiques - 9 lettres commençant par " f " fragrance
65%
Dans quel art a excellé Charles-Joseph Natoire (1700-1777) ? peinture
63%
Recherche et l'exploitation artisanale de l'or dans les rivières aurifères orpaillage
42%
De quelle région de France est originaire la saucisse appelée "diot" ? Savoie
34%
Sous quel autre nom désigne-t-on la lépiote (champignon) ? coulemelle
23%
Grande propriété rurale en Amérique Latine - 8 lettres commençant par " e " estancia
12%
Ce nom désigne un soldat indien ayant servi, à l'époque coloniale, dans une armée occidentale et désigne également un soldat servant actuellement dans l'infanterie au sein des armées indiennes ou du Bangladesh - voir photo cipaye
5%
En Allemagne, quelle est la "capitale" de la Thuringe ? Ertfurt
1%
Aucun quiz correspondant
Distribution des résultats
% des personnes avec chaque résultat
Percentile par nombre de réponses
Votre historique - résultats
Vous n’avez pas pris ce quiz